000 00297nam a22001337a 4500
008 170306b xxu||||| |||| 00| 0 eng d
020 _a9780805349887
041 _aeng
080 _a611
100 _a6
101 _aSHM
245 _aATLAS OF THE HUMAN SKELETON
_cHUTCHINSON, M
942 _2udc
_cBK
999 _c6889
_d6889